| 000 | 00580cam a2200205 4500 | ||
|---|---|---|---|
| 001 | sa 68012257 | ||
| 003 | DLC | ||
| 005 | 20260227112608.0 | ||
| 008 | 691104s1967 ii 00000 eng | ||
| 010 | _asa 68012257 //r85 | ||
| 025 | _aPL480:I-E-10492 | ||
| 050 | 0 |
_aHJ1320.M27 _bA53 |
|
| 082 | _a336.54/3 | ||
| 110 | 1 | 0 |
_aMadhya Pradesh (India). _bDirectorate of Economics and Statistics. |
| 245 | 1 | 0 | _aPublic finance in Madhya Pradesh. |
| 260 | 1 |
_a[Bhopal, _c1967] |
|
| 300 |
_a44 p. _c28 cm. |
||
| 500 | _aCover title. | ||
| 650 | 0 |
_aFinance, Public _zMadhya Pradesh, India. |
|
| 999 |
_c84424 _d84424 |
||